Lacrime impure

Spremljeno u:
Bibliografski detalji
Glavni autor: Monicelli Furio
Format: Knjiga
Jezik:nepoznati jezik
Izdano: Milano Mondadori 1999
Oznake: Dodaj oznaku
Bez oznaka, Budi prvi tko označuje ovaj zapis!

MARC

LEADER 00000nam a2200000Ia 4500
001 225
003 NUMERAZIONE-ORIGINALE-BRESCIA
005 20260206230750.0
008 260206s9999 xx 000 0 und d
100 |a Monicelli Furio 
245 0 |a Lacrime impure 
260 |a Milano 
260 |b Mondadori 
260 |c 1999 
500 |a Il gesuita perfetto 
500 |a Scrittori italiani e stranieri 
942 |2 ddc  |c BK  |n 0 
952 |0 0  |1 0  |2 ddc  |4 0  |6 21  |7 0  |9 28425  |a BS  |b BS  |d 2026-02-06  |i 225  |l 0  |o 2-1-*  |r 2026-02-06 22:40:35  |w 2026-02-06  |x [REVISIONARE]  |y BK 
999 |c 24106  |d 24106